Dexter Trivia - Statistics

General Stats
  • This quiz has been taken 460 times
  • The average score is 18 of 27
Answer Stats
Hint Answer % Correct
Who is the Bay Harbor Butcher? (First name) Dexter
99%
Which season focused on the Bay harbor butcher investigation? 2
93%
Dexter's girlfriend and eventual wife who dies at the end of season 4? (First name) Rita
93%
Season one Villain? Ice Truck Killer
88%
Who found young Dexter at this murder scene and adopted him? (Full name) Harry Morgan
86%
What season was Batista promoted to Sergeant? 3
85%
FBI agent who led this investigation? (Full name) Frank Lundy
82%
Where did Dexter find Rita murdered at the end of season 4? Bathtub
81%
First name of Rita's Daughter? Astor
79%
Who interrupted Dexter at the church when he was about to kill Travis Marshall? (First name) Deb
78%
What was Rita's Abusive ex husband's first Name? Paul
76%
Batista's first name? Angel
71%
Who killed Maria LaGuerta? (First name) Deb
71%
Dexter's Lover who poisons Him and Deb? (First name) Hannah
71%
What was detective Quinn's first Name? Joey
71%
Police Department Dexter works for? Miami Metro
71%
What is Dexter's biological brother's full name? Brian Moser
68%
Where was Dexter's Mother murdered? Shipping Container
66%
Who was the first to discover Dexter's blood sides? (Last name) Doakes
63%
Name of Dexter's Boat Slice of Life
63%
Dexter's favorite meal to eat with Deb? Steak
62%
Drug Dexter uses to sedate his victims? M99
45%
What character is portrayed by C.S Lee? (Full name) Vince Masuka
44%
What actor portrayed Doomsday killer Travis Marshall? Colin Hanks
42%
What actor portrayed Arthur Mitchell (Trinity)? John Lithgow
41%
What character is portrayed by James Remar? (Full name) Harry Morgan
23%
How does Deb die? Gunshot
21%
No matching quizzes found
Score Distribution
Percent of People with Each Score
Percentile by Number Answered
Your Score History
You have not taken this quiz